000 00392pab a2200145 454500
008 180718b1985 xxu||||| |||| 00| 0 eng d
100 _aWren. Lesis, Simon
245 _aPrivate sector earnings and excess demand from 1966 to 1980
260 _c1985
300 _a1-17
362 _aFeb.
650 _aWages - U.K.
773 _aOxford Bulletin of Economics and Statistics
909 _a20543
999 _c20543
_d20543